Top 30 Young Thug Songs - Statistics

General Stats
  • This quiz has been taken 12 times
  • The average score is 11 of 30
Answer Stats
# Song Rating % Correct
12. Hot 90
80%
11. pick up the phone 90
80%
2. Digits 94
70%
10. Relationship 91
70%
17. With That 89
60%
4. Check 93
50%
23. Halftime 88
50%
22. Just Might Be 89
50%
19. The London 89
50%
8. With Them 91
50%
5. Wyclef Jean 93
50%
21. Hercules 89
40%
29. Memo 87
40%
15. Power 90
40%
7. Best Friend 92
30%
28. Big Racks 87
30%
25. Flava 88
30%
30. Future Swag 87
30%
1. Hot (Remix) 97
30%
14. Mannequin Challenge 90
30%
16. Thief in the Night 90
30%
13. Diamonds 90
20%
18. Family Don't Matter 89
20%
20. F Cancer (Boosie) 89
20%
9. Hop Off a Jet 91
20%
3. Millions 93
20%
26. Givenchy 88
10%
6. High 92
10%
27. My Baby 87
10%
24. Stunna 88
10%
No matching quizzes found
Score Distribution
Percent of People with Each Score
Percentile by Number Answered
Your Score History
You have not taken this quiz